The problem of onanism : (Record no. 171957)
[ view plain ]
| 000 -LEADER | |
|---|---|
| fixed length control field | 00642cam9a220021700 4500 |
| 001 - CONTROL NUMBER | |
| control field | tmp15294737 |
| 003 - CONTROL NUMBER IDENTIFIER | |
| control field | UPRA |
| 005 - DATE AND TIME OF LATEST TRANSACTION | |
| control field | 20190826202908.0 |
| 008 - FIXED-LENGTH DATA ELEMENTS--GENERAL INFORMATION | |
| fixed length control field | 950728s1955 ie eng u |
| 035 ## - SYSTEM CONTROL NUMBER | |
| System control number | (Sirsi) r107203 |
| 035 ## - SYSTEM CONTROL NUMBER | |
| System control number | (UPRA)tmp15294737 |
| 040 ## - CATALOGING SOURCE | |
| Transcribing agency | UPRA |
| 041 1# - LANGUAGE CODE | |
| Language code of text/sound track or separate title | eng ger |
| Language code of original | eng ger |
| 100 1# - MAIN ENTRY--PERSONAL NAME | |
| Titles and words associated with a name | Freiherr von. |
| Linkage | A64931.1 |
| 245 14 - TITLE STATEMENT | |
| Title | The problem of onanism : |
| Remainder of title | tr. from the German by Meyrick Booth. |
| 260 ## - PUBLICATION, DISTRIBUTION, ETC. | |
| Place of publication, distribution, etc. | Cork : |
| Name of publisher, distributor, etc. | Mercier Press, |
| Date of publication, distribution, etc. | 1955. |
| 500 ## - GENERAL NOTE | |
| General note | Tr. of Die Zelt der geschlechtlichen Reife. |
| 650 #0 - SUBJECT ADDED ENTRY--TOPICAL TERM | |
| Topical term or geographic name entry element | Masturbation. |
| Linkage | S2846.1 |
| 949 ## - LOCAL PROCESSING INFORMATION (OCLC) | |
| a | HQ447 |
| w | lcc |
| i | -152685 |
| m | MAIN |
| t | BOOK |
| l | ON-SHELF |
No items available.